000 004640000a22001810004500
003 MACL
005 20150812145621.0
008 150812b xxu||||| |||| 00| 0 eng d
040 _aMACL
_cMACL
041 _aEnglish
082 _a370/TUC
100 _aTuckman, Howard P.
_94993
245 _aEducational Technology In Developing Countries
260 _bChugh Publications
_c1987
_aAllahabad
350 _a120
650 _aEducation
_94994
942 _cBK
_k370
_2ddc
999 _c5763
_d5763